Vista normal
Vista MARC
Entrada Topical Term
Número de registros utilizados en: 28
001 - CONTROL NUMBER
- control field: 19715
003 - CONTROL NUMBER IDENTIFIER
- control field: OSt
005 - DATE AND TIME OF LATEST TRANSACTION
- control field: 20230915230738.0
008 - FIXED-LENGTH DATA ELEMENTS
- fixed length control field: 230915|| aca||aabn | a|a d
040 ## - CATALOGING SOURCE
- Original cataloging agency: OSt
- Transcribing agency: OSt
150 ## - HEADING--TOPICAL TERM
- Topical term or geographic name entry element: CUENTOS - COLECCIONES
670 ## - SOURCE DATA FOUND
- Source citation: Work cat.: (OSt)24253: Monterroso, Augusto; Jacobs, Barbara 19714, Antologia del cuento triste, 1990